A walk in the Dark Ages /
Saved in:
| Main Author: | |
|---|---|
| Format: | Book |
| Language: | English |
| Published: |
London :
Collins,
1988.
|
| Subjects: | |
| Tags: |
Add Tag
No Tags, Be the first to tag this record!
|
| LEADER | 00697cam a2200241Ia 4500 | ||
|---|---|---|---|
| 001 | 001663014-9 | ||
| 005 | 20020606090541.3 | ||
| 008 | 890201s1988 enkab b 00110 eng d | ||
| 020 | |a 0002178583 | ||
| 035 | 0 | |a ocm59798450 | |
| 035 | 0 | |a ocm19090909 | |
| 040 | |a DLM |c DLM |d CUI |d AAA |d HLS | ||
| 090 | |a CB351 |b .D45 1988 | ||
| 100 | 1 | |a Delaney, Frank, |d 1942-2017. | |
| 245 | 1 | 2 | |a A walk in the Dark Ages / |c Frank Delaney. |
| 260 | 0 | |a London : |b Collins, |c 1988. | |
| 300 | |a 247 p. : |b ill. (some col.), map ; |c 26 cm. | ||
| 504 | |a Bibliography: p. 237-[238]. | ||
| 650 | 0 | |a Civilization, Medieval. | |
| 650 | 0 | |a Middle Ages. | |
| 651 | 0 | |a Europe |x Description and travel. | |
| 988 | |a 20020608 | ||
| 906 | |0 OCLC | ||


